| 000 | 00691cam a2200217 a 4500 | ||
|---|---|---|---|
| 999 |
_c3890 _d3890 |
||
| 001 | 433 | ||
| 003 | BD-DhUAP | ||
| 005 | 20200315105031.0 | ||
| 008 | 200315s1998 bg abf b f000 0 eng | ||
| 020 | _a0435285564 | ||
| 040 |
_aBD-DhUAP _cBD-DhUAP _dBD-DhUAP _bEng |
||
| 082 |
_a428.1 WEL _223 |
||
| 100 | _aWellman, Guy. | ||
| 245 |
_aThe Heinemann English wordbuilder / _cGuy Wellman. |
||
| 260 |
_aOxford : _bHeineman, _cc1992. |
||
| 300 |
_a266 pages : _billustrations ; _c27 cm. |
||
| 504 | _aIncludes bibliographical references and index. | ||
| 650 | _aEnglish language--Study and teaching--Foreign speakers. | ||
| 942 |
_2ddc _cBK |
||